Statistics for Guess Countries in the Shape of a Mystery Country #6

Click here to take the quiz!

General Stats

  • This quiz has been taken 61 times
  • The average score is 62 of 79

Answers on the Map

Answers color-coded by a green-red scale on the quiz's map according to % correct below.
 

Answer Stats

Country% Correct
China
98%
India
95%
Italy
95%
Kazakhstan
95%
Russia
95%
Belarus
93%
Laos
93%
Myanmar
93%
Pakistan
93%
Poland
93%
Tajikistan
93%
Ukraine
93%
Vietnam
93%
Afghanistan
91%
Bhutan
91%
Estonia
91%
Germany
91%
Indonesia
91%
Kyrgyzstan
91%
Latvia
91%
Lithuania
91%
Nepal
91%
Thailand
91%
Uzbekistan
91%
Bulgaria
88%
Czech Republic
88%
Iran
88%
Malaysia
88%
Romania
88%
Turkmenistan
88%
Bangladesh
86%
Bosnia and
Herzegovina
86%
Cambodia
86%
Croatia
86%
Greece
86%
Hungary
86%
Serbia
86%
Slovakia
86%
Slovenia
86%
Turkey
86%
Finland
84%
Kosovo
84%
Moldova
84%
Albania
81%
Armenia
81%
Australia
81%
Azerbaijan
81%
Georgia
81%
Philippines
81%
Singapore
81%
Austria
79%
Montenegro
79%
North Macedonia
79%
Sweden
79%
Norway
77%
Papua New Guinea
74%
Brunei
67%
East Timor
67%
France
65%
Mongolia
65%
Palau
63%
South Africa
63%
Solomon Islands
60%
Somalia
60%
Tanzania
60%
Vanuatu
60%
Federated States of
Micronesia
58%
Kenya
58%
Madagascar
56%
Mozambique
56%
Democratic Republic
of the Congo
53%
Zambia
53%
Comoros
51%
Rwanda
51%
Burundi
49%
Malawi
49%
United Arab Emirates
49%
Oman
47%
Uganda
47%

Score Distribution

Percentile by Number Answered

Percent of People with Each Score

Your Score History

You have not taken this quiz